Datum a čas kvízu
27
Celkem bodů
Celkový počet nahraných bodů na tomto kvízu bez doplňovacích otázek.
4.
Pořadí na kvízu
Konečné umístění týmu na tomto kvízu.
Zaznamenané odpovědi
| # | Otázka | Odpověď | Body | Výsledky |
|---|---|---|---|---|
| 1. | Proti návrhu poslance ANO přej... | 1 | ||
| 2. | V severoitalské Pavii byl v mi... | 0 | ||
| 3. | Která naše televizní stanice o... | 1 | ||
| 4. | Švýcarská společnost Nestlé pr... | 0 | ||
| 5. | Slávističtí fotbalisté v 3. př... | 0 | ||
| 5. | Kolik je vývojových fází dětst... | 1 | ||
| 7. | Rodičovský příspěvek navazuje... | 1 | ||
| 8. | Jak se jmenuje značka kojeneck... | 0 | ||
| 5. | Jak se nazývá u savců tzv. prv... | 1 | ||
| 10. | Na závěr si dovolíme jeden osl... | 1 |